<?xml version="1.0" encoding="UTF-8"?><?xml-stylesheet type="text/xsl" href="static/style.xsl"?><OAI-PMH xmlns="http://www.openarchives.org/OAI/2.0/" xmlns:xsi="http://www.w3.org/2001/XMLSchema-instance" xsi:schemaLocation="http://www.openarchives.org/OAI/2.0/ http://www.openarchives.org/OAI/2.0/OAI-PMH.xsd"><responseDate>2026-06-01T01:09:42Z</responseDate><request verb="GetRecord" identifier="oai:riuma.uma.es:10630/7129" metadataPrefix="marc">https://riuma.uma.es/rest/oai/request</request><GetRecord><record><header><identifier>oai:riuma.uma.es:10630/7129</identifier><datestamp>2026-02-03T12:53:40Z</datestamp><setSpec>com_10630_7012</setSpec><setSpec>com_10630_3139</setSpec><setSpec>com_10630_10</setSpec><setSpec>col_10630_7013</setSpec></header><metadata><record xmlns="http://www.loc.gov/MARC21/slim" xmlns:dcterms="http://purl.org/dc/terms/" xmlns:doc="http://www.lyncode.com/xoai" xmlns:xsi="http://www.w3.org/2001/XMLSchema-instance" xsi:schemaLocation="http://www.loc.gov/MARC21/slim http://www.loc.gov/standards/marcxml/schema/MARC21slim.xsd">
   <leader>00925njm 22002777a 4500</leader>
   <datafield ind2=" " ind1=" " tag="042">
      <subfield code="a">dc</subfield>
   </datafield>
   <datafield ind2=" " ind1=" " tag="720">
      <subfield code="a">Vanhecke, Katrin</subfield>
      <subfield code="e">author</subfield>
   </datafield>
   <datafield ind2=" " ind1=" " tag="720">
      <subfield code="a">Lobato Patricio, Julia</subfield>
      <subfield code="e">author</subfield>
   </datafield>
   <datafield ind2=" " ind1=" " tag="260">
      <subfield code="c">2009</subfield>
   </datafield>
   <datafield ind2=" " ind1=" " tag="520">
      <subfield code="a">La psicología cognitiva defiende la idea de que para explicar el proceso de aprendizaje del alumno hay que tener en cuenta tanto las variables cognitivas como las motivacionales. Los alumnos que experimentan sentimientos de autonomía tienden a buscar retos, a perseverar en las tareas difíciles, a rendir más y a realizar trabajos de mayor calidad que los alumnos controlados por el profesor. Asimismo, resulta de gran utilidad emplear los errores para evaluar el "proceso" del rendimiento del alumno en vez del "producto".&#xd;
En este artículo nos mostramos diferentes procedimientos de evaluación que forman parte de la metodología de la enseñanza de interpretación consecutiva como elemento clave en la motivación del alumno.</subfield>
   </datafield>
   <datafield ind1="8" ind2=" " tag="024">
      <subfield code="a">EntreCulturas, 2009, nº1, p. 669-679</subfield>
   </datafield>
   <datafield ind1="8" ind2=" " tag="024">
      <subfield code="a">1989-5097</subfield>
   </datafield>
   <datafield ind1="8" ind2=" " tag="024">
      <subfield code="a">http://hdl.handle.net/10630/7129</subfield>
   </datafield>
   <datafield tag="653" ind2=" " ind1=" ">
      <subfield code="a">Traducción</subfield>
   </datafield>
   <datafield ind2="0" ind1="0" tag="245">
      <subfield code="a">Evaluación y autoevaluación como instrumentos de morivación y de calidad en la interpretación consecutiva</subfield>
   </datafield>
</record>
</metadata></record></GetRecord></OAI-PMH>